| 000 | 00670nam a2200181Ia 4500 | ||
|---|---|---|---|
| 008 | 151018s9999 xx 000 0 und d | ||
| 082 |
_bRBASDV1503 _a391.434 |
||
| 100 | _aजगदीश जैन | ||
| 245 | _aनयी हिंदुस्थानी दुसरी किताब | ||
| 250 | _b1 | ||
| 260 | _bओरीयंट लॉगमन लि | ||
| 300 | _a104 | ||
| 600 | _aजगदीश जैन | ||
| 630 | _aनयी हिंदुस्थानी दुसरी किताब | ||
| 700 | _aजगदीश जैन | ||
| 730 | _aनयी हिंदुस्थानी दुसरी किताब | ||
| 942 | _cBOOK | ||
| 999 |
_c1003932 _d1003929 |
||